Bombas a la tica (Registro nro. 10192)
[ vista simple ]
| 000 -CABECERA | |
|---|---|
| campo de control de longitud fija | 00420ata a2200169 4500 |
| 005 - FECHA Y HORA DE ACTUALIZACIÓN | |
| campo de control | 20171218092746.0 |
| 008 - LONGITUD FIJA | |
| campo de control de longitud fija | 150518b xxu||||| |||| 00| 0 spa d |
| 041 ## - IDIOMA | |
| Código de idioma del texto/pista de sonido o título separado | |
| 082 ## - CLASIFICACIÓN DECIMAL DEWEY | |
| Número de clasificación | 398.2 S222b |
| 100 ## - AUTOR PERSONAL | |
| Nombre de persona | Sandy, Seud |
| 245 ## - TÍTULO PROPIAMENTE DICHO | |
| Título | Bombas a la tica |
| 260 ## - PIE DE IMPRENTA | |
| Lugar de publicación, distribución, etc. | Costa Rica |
| Nombre del editor, distribuidor, etc. | O. Sandi P. |
| Fecha de publicación, distribución, etc. | 2012 |
| 300 ## - DESCRIPCIÓN FÍSICA | |
| Extensión | 52 páginas |
| 650 ## - Materia General | |
| Materia general | FOLCLOR COSTARRICENSE |
| 650 ## - Materia General | |
| Materia general | BOMBAS |
| 942 ## - Punto de Acceso Adicional Koha | |
| Tipo de ítem Koha | Libro |
| Estado perdido | Estado dañado | No para préstamo | Biblioteca permanente | Biblioteca actual | Signatura completa | Código de barras | Precio efectivo a partir del | Tipo de ítem |
|---|---|---|---|---|---|---|---|---|
| Departamento de Biblioteca y Documentación Alfonso Chase Brenes | Departamento de Biblioteca y Documentación Alfonso Chase Brenes | 398.2 S222b | 16460 | 18/12/2017 | Libro | |||
| Departamento de Biblioteca y Documentación Alfonso Chase Brenes | Departamento de Biblioteca y Documentación Alfonso Chase Brenes | 398.2 S222b | 16463 | 18/12/2017 | Libro | |||
| Departamento de Biblioteca y Documentación Alfonso Chase Brenes | Departamento de Biblioteca y Documentación Alfonso Chase Brenes | 398.2 S222b | 16464 | 18/12/2017 | Libro |